000 00388nam a2200145Ia 4500
008 230711s9999||||xx |||||||||||||| ||und||
041 _aENG
082 _a621
_bHP-U
100 _aPartab,H
245 0 _aArt and science of utilisation of electrical energy
250 _a3rd Ed.
260 _c1991
_aNew Delhi
_bDhanpat Rai & Co.(Pvt.)Ltd.
650 _aElectrical Engineering
942 _cBK
999 _c2207
_d2207